[Event "European Blitz 2016"]
[Site "Tallinn EST"]
[Date "2016.12.17"]
[Round "17.2"]
[White "Mamedov, Rauf"]
[Black "Pavlidis, Antonios"]
[Result "0-1"]
[WhiteTitle "GM"]
[BlackTitle "GM"]
[WhiteElo "2688"]
[BlackElo "2532"]
[WhiteFideId "13401653"]
[BlackFideId "4212312"]
[EventDate "2016.12.17"]

1. e4 c5 2. Nc3 Nc6 3. Nf3 g6 4. d4 cxd4 5. Nxd4 Bg7 6. Be3 Nf6 7. Bc4 O-O 8.
Bb3 d6 9. f3 Bd7 10. Qd2 Nxd4 11. Bxd4 b5 12. a4 b4 13. Nd5 Nxd5 14. Bxg7 Kxg7
15. exd5 a5 16. Qd4+ Kg8 17. h4 e5 18. dxe6 Bxe6 19. Bxe6 Re8 20. O-O-O Rxe6 21.
h5 Rc8 22. Kb1 Qf6 23. hxg6 Qxg6 24. Qd3 Qxd3 25. Rxd3 Re2 26. Rc1 Rxg2 27. Rxd6
Rc5 28. c3 Re5 29. cxb4 Ree2 30. Rc8+ Kg7 31. bxa5 Rxb2+ 32. Kc1 Ra2 33. Kb1
Rgb2+ 34. Kc1 Rf2 35. Kb1 Rfb2+ 36. Kc1 Rf2 37. Kb1 Rxa4 38. Rc3 Rxa5 39. Rd4 h5
40. Rh4 Rg5 41. Rh1 Rf5 42. Kc1 Kg6 43. Rg1+ Rg5 44. Rh1 Rg3 45. Rc5 Rg5 46. Rc3
Rg3 47. Rc5 f5 48. Rc8 Rfxf3 49. Rg8+ Kf6 50. Rxg3 Rxg3 51. Rxh5 Rd3 52. Kc2 Rd7
53. Rh3 Ke5 54. Re3+ Kf4 55. Re1 Kf3 56. Rf1+ Kg4 57. Rg1+ Kh3 58. Rf1 Rf7 59.
Kd2 Kg2 60. Rf4 Kg3 61. Ra4 Re7 62. Ra8 f4 63. Rg8+ Kf2 64. Rf8 Rd7+ 65. Kc3 f3
66. Kc2 Ke2 67. Re8+ Kf1 68. Rf8 f2 69. Rf6 Rg7 0-1

[Event "European Blitz 2016"]
[Site "Tallinn EST"]
[Date "2016.12.17"]
[Round "17.3"]
[White "Rakhmanov, Aleksandr"]
[Black "Vitiugov, Nikita"]
[Result "0-1"]
[WhiteTitle "GM"]
[BlackTitle "GM"]
[WhiteElo "2667"]
[BlackElo "2726"]
[WhiteFideId "4173708"]
[BlackFideId "4152956"]
[EventDate "2016.12.17"]

1. c4 e5 2. Nf3 d6 3. d4 e4 4. Ng5 f5 5. Nc3 Be7 6. Nh3 Nf6 7. Bg5 c6 8. e3 Nbd7
9. Nf4 Nf8 10. h4 Ne6 11. Be2 Nxf4 12. Bxf4 Be6 13. d5 Bf7 14. Qd2 O-O 15. Rd1
cxd5 16. cxd5 Rc8 17. h5 h6 18. Qd4 a6 19. Qb4 b5 20. a4 a5 21. Qd4 b4 22. Nb5
Nxd5 23. Bg3 Rc2 24. Rd2 Bf6 25. Rxc2 Bxd4 26. Nxd4 f4 27. Bh4 Qd7 28. Kd2 Rc8
29. Rxc8+ Qxc8 30. Rc1 Qd7 31. Nb5 Kh7 32. Bd1 fxe3+ 33. fxe3 Qf5 34. Nxd6 Qd7
35. Nxf7 Nf4+ 36. Ke1 Nd3+ 37. Kd2 Nxc1+ 38. Kxc1 Qxf7 39. Be2 Qd5 40. Bg3 Qb3
41. Bf4 Qxa4 42. Bc4 b3 43. Bf7 Qa1+ 0-1

[Event "European Blitz 2016"]
[Site "Tallinn EST"]
[Date "2016.12.17"]
[Round "17.4"]
[White "Ponomariov, Ruslan"]
[Black "Bologan, Victor"]
[Result "0-1"]
[WhiteTitle "GM"]
[BlackTitle "GM"]
[WhiteElo "2709"]
[BlackElo "2640"]
[WhiteFideId "14103320"]
[BlackFideId "13900048"]
[EventDate "2016.12.17"]

1. e4 c5 2. Nf3 d6 3. d4 cxd4 4. Nxd4 Nf6 5. Nc3 a6 6. Be3 e5 7. Nb3 Be6 8. h3
Be7 9. Qf3 Nbd7 10. g4 h6 11. O-O-O Rc8 12. Nd5 Nf8 13. Bb6 Qd7 14. Nxe7 Qxe7
15. Qd3 d5 16. Bg2 Ng6 17. exd5 Nf4 18. Qd2 Bxd5 19. Bxd5 N6xd5 20. Be3 O-O 21.
Kb1 Rfd8 22. Bxf4 Nxf4 23. Qe3 Qc7 24. c3 f6 25. Qe4 Rxd1+ 26. Rxd1 Rd8 27.
Rxd8+ Qxd8 28. Kc2 Nxh3 29. Qxb7 Nxf2 30. Qf3 Qb6 31. Nd2 e4 32. Nxe4 Qc6 33.
Qxf2 Qxe4+ 34. Kb3 Qxg4 35. c4 h5 36. c5 h4 37. Qd2 Qe6+ 38. Kb4 h3 39. Ka5 Qc6
40. Qd8+ Kf7 41. Qb6 Qxb6+ 42. cxb6 h2 43. b7 h1=Q 44. b8=Q Qd5+ 45. Kb4 a5+ 46.
Ka3 Qc5+ 47. Ka4 g5 48. a3 Qd5 49. b4 axb4 50. axb4 g4 51. b5 Qa2+ 52. Kb4 Qb2+
53. Ka5 Qa3+ 54. Kb6 g3 55. Qb7+ Kg6 56. Qe4+ f5 57. Qe8+ Kg5 58. Qg8+ Kf4 59.
Qc4+ Kf3 60. Qd5+ Kg4 61. Qg8+ Kf4 62. Kc6 Qc3+ 63. Kb7 Qf3+ 64. Kc7 Ke5 0-1

[Event "European Blitz 2016"]
[Site "Tallinn EST"]
[Date "2016.12.17"]
[Round "17.5"]
[White "Navara, David"]
[Black "Saric, Ivan"]
[Result "0-1"]
[WhiteTitle "GM"]
[BlackTitle "GM"]
[WhiteElo "2725"]
[BlackElo "2652"]
[WhiteFideId "309095"]
[BlackFideId "14508150"]
[EventDate "2016.12.17"]

1. e4 g6 2. d4 d6 3. c4 Bg7 4. Nc3 Nf6 5. Nf3 O-O 6. h3 e5 7. d5 a5 8. Bg5 Na6
9. Nd2 Qe8 10. g4 Nd7 11. a3 Nb6 12. Rg1 Bd7 13. Be3 Na4 14. Nb5 N4c5 15. h4 Kh8
16. h5 gxh5 17. gxh5 f5 18. Bxc5 Bxb5 19. Bxd6 cxd6 20. cxb5 Nc5 21. Rc1 fxe4
22. Rxc5 e3 23. fxe3 dxc5 24. Ne4 Bh6 25. Rg3 Qe7 26. d6 Qh4 27. Qd5 Rf5 28. Bh3
Rg5 29. d7 Rxg3 30. Kd2 Rg7 31. Qxe5 Qxh3 32. Nf6 Qxe3+ 33. Qxe3 Bxe3+ 0-1

[Event "European Blitz 2016"]
[Site "Tallinn EST"]
[Date "2016.12.17"]
[Round "17.6"]
[White "Munoz, Miguel"]
[Black "Andriasian, Zaven"]
[Result "0-1"]
[WhiteTitle "GM"]
[BlackTitle "GM"]
[WhiteElo "2473"]
[BlackElo "2621"]
[WhiteFideId "3800229"]
[BlackFideId "13302000"]
[EventDate "2016.12.17"]

1. e4 c5 2. g3 Nc6 3. Bg2 d6 4. Ne2 g6 5. c3 Bg4 6. f3 Bd7 7. d4 Bg7 8. Be3 Nf6
9. dxc5 dxc5 10. Bxc5 O-O 11. O-O Qc7 12. Be3 Rfd8 13. Nd2 Ne5 14. Bd4 Nc6 15.
Kh1 Nxd4 16. cxd4 Bb5 17. Nb3 Qb6 18. Re1 Bh6 19. d5 Nd7 20. f4 Nf6 21. Nc3 Bc4
22. Qd4 Qxd4 23. Nxd4 e6 24. Rad1 Ng4 25. Kg1 e5 26. fxe5 Nxe5 27. Bf1 Rac8 28.
Kg2 Bg7 29. Be2 a6 30. a4 h5 31. h3 Rd6 32. a5 Bxe2 33. Rxe2 Nc4 34. Nf3 Re8 35.
Na4 f5 36. b4 fxe4 37. Ng5 e3 38. Nc5 Re5 39. Nf3 Rexd5 40. Rxd5 Rxd5 41. Nxb7
Rb5 42. Nc5 Rxb4 43. Nxa6 Ra4 44. Nc5 Rxa5 45. Ne6 Bf6 46. Nf4 Kf7 47. h4 Rb5
48. Kh3 Rb1 49. Kg2 Rb3 50. Nd5 Rd3 51. Nf4 Ra3 52. Nd5 Rb3 53. Rc2 Rb2 54. Rxb2
Bxb2 55. Kf1 Ke6 56. Nf4+ Kf5 57. Ke2 Kg4 58. Nxg6 Kxg3 59. Ng5 Kg4 60. Nf3 Bf6
61. Nf8 Bxh4 62. Nd7 Bg5 63. Nh2+ Kf5 64. Nf3 h4 65. Kd3 Nb2+ 66. Ke2 h3 67. Nc5
Nc4 68. Kd3 Ne5+ 69. Ke2 Nxf3 70. Kxf3 h2 71. Kg2 e2 72. Nd3 Bf4 73. Nf2 e1=Q 0-1

[Event "European Blitz 2016"]
[Site "Tallinn EST"]
[Date "2016.12.17"]
[Round "17.8"]
[White "Vallejo Pons, Francisco"]
[Black "Matlakov, Maxim"]
[Result "1-0"]
[WhiteTitle "GM"]
[BlackTitle "GM"]
[WhiteElo "2711"]
[BlackElo "2694"]
[WhiteFideId "2205530"]
[BlackFideId "4168003"]
[EventDate "2016.12.17"]

1. d4 Nf6 2. c4 c5 3. d5 e6 4. Nc3 d6 5. e4 exd5 6. exd5 g6 7. Bd3 Bg7 8. Qe2+
Qe7 9. Bf4 Qxe2+ 10. Ngxe2 Kd7 11. h3 a6 12. Na4 Kc7 13. Nxc5 Nh5 14. Bh2 Bxb2
15. Rb1 Be5 16. f4 Bg7 17. Ne4 f5 18. Ng5 h6 19. Nf3 Nd7 20. g4 Nhf6 21. gxf5
Nc5 22. Bc2 Bxf5 23. Bxf5 gxf5 24. Rg1 Rhg8 25. Nfd4 Nfe4 26. Nxf5 Bf6 27. Nxh6
Rxg1+ 28. Bxg1 Re8 29. Bxc5 dxc5 30. Kd1 Rh8 31. Ng4 Rxh3 32. Nxf6 Nxf6 33. Rb3
Rh1+ 34. Kc2 Rh2 35. Kd1 Rh1+ 36. Kc2 Rh2 37. Re3 b5 38. Re6 bxc4 39. Rxf6 Rxe2+
40. Kc3 Rxa2 41. Rc6+ Kd7 42. Kxc4 Rf2 43. Kxc5 Rxf4 44. Rxa6 Rf1 45. Ra7+ Kd8
46. Kc6 Rc1+ 47. Kd6 Kc8 48. Ra8+ Kb7 49. Re8 Rd1 50. Ke6 Kc7 51. Re7+ Kd8 52.
Rd7+ Kc8 53. Rh7 Kd8 54. Kd6 Kc8 55. Rh8+ Kb7 56. Rd8 Rd2 57. Ke7 Rd1 58. d6 Rh1
59. Rf8 Re1+ 60. Kd7 Rh1 61. Kd8 Rh7 62. d7 Kc6 63. Rf6+ Kb7 64. Ke8 1-0

[Event "European Blitz 2016"]
[Site "Tallinn EST"]
[Date "2016.12.17"]
[Round "17.9"]
[White "Wojtaszek, Radoslaw"]
[Black "Kantans, Toms"]
[Result "1-0"]
[WhiteTitle "GM"]
[BlackTitle "IM"]
[WhiteElo "2749"]
[BlackElo "2454"]
[WhiteFideId "1118358"]
[BlackFideId "11602945"]
[EventDate "2016.12.17"]

1. Nf3 Nf6 2. c4 c5 3. d4 cxd4 4. Nxd4 e5 5. Nb5 d5 6. cxd5 a6 7. N5c3 Bc5 8. g3
Qb6 9. e3 O-O 10. Nd2 Qd8 11. Bg2 Bg4 12. Qc2 Nbd7 13. O-O Rc8 14. a3 Re8 15. e4
Bd4 16. Nb3 Qb6 17. Re1 Bh5 18. Be3 Ng4 19. h3 Nxe3 20. fxe3 Bxe3+ 21. Kh2 Bd4
22. Rac1 Bf2 23. Rf1 Be3 24. Rce1 Bd4 25. Nc1 Nc5 26. Qd2 Nb3 27. Nxb3 Qxb3 28.
Rc1 f6 29. Bf3 Bxf3 30. Rxf3 Rc5 31. Kg2 1-0

[Event "European Blitz 2016"]
[Site "Tallinn EST"]
[Date "2016.12.17"]
[Round "17.10"]
[White "Bortnyk, Olexandr"]
[Black "Jovanovic, Zoran"]
[Result "1/2-1/2"]
[WhiteTitle "GM"]
[BlackTitle "GM"]
[WhiteElo "2581"]
[BlackElo "2534"]
[WhiteFideId "14120828"]
[BlackFideId "14505320"]
[EventDate "2016.12.17"]

1. d4 d6 2. Nc3 Nf6 3. e4 e5 4. Nf3 Nbd7 5. Bc4 Be7 6. O-O Nb6 7. Be2 exd4 8.
Nxd4 O-O 9. f4 c6 10. a4 a5 11. Kh1 Re8 12. b3 Bf8 13. Bf3 Nbd7 14. Re1 Nc5 15.
Ba3 Qb6 16. Qd2 Bg4 17. e5 dxe5 18. fxe5 Bxf3 19. exf6 Bh5 20. fxg7 Bxg7 21. Qg5
Ne4 22. Rxe4 Rxe4 23. Nf5 Bg6 24. Nxe4 Bxa1 25. c3 Bxc3 26. Nxc3 Qxb3 27. Bd6
Qe6 28. g4 Re8 29. Ne7+ Kg7 30. Nf5+ Kg8 31. Ne7+ Kg7 32. Nf5+ 1/2-1/2

[Event "European Blitz 2016"]
[Site "Tallinn EST"]
[Date "2016.12.17"]
[Round "17.11"]
[White "Motylev, Alexander"]
[Black "Zhigalko, Sergei"]
[Result "0-1"]
[WhiteTitle "GM"]
[BlackTitle "GM"]
[WhiteElo "2663"]
[BlackElo "2671"]
[WhiteFideId "4121830"]
[BlackFideId "13502956"]
[EventDate "2016.12.17"]

1. e4 c5 2. Nf3 Nc6 3. Bb5 Nf6 4. d3 Qa5+ 5. Nc3 Nd4 6. Bc4 b5 7. Bd5 Rb8 8. O-O
e6 9. Bf4 d6 10. Nxd4 cxd4 11. Bc6+ Nd7 12. Ne2 Qb6 13. Bxd7+ Bxd7 14. e5 Rc8
15. Re1 Be7 16. Qd2 O-O 17. Qb4 Rxc2 18. Qxd4 Rxe2 0-1

[Event "European Blitz 2016"]
[Site "Tallinn EST"]
[Date "2016.12.17"]
[Round "17.12"]
[White "Riazantsev, Alexander"]
[Black "Bartel, Mateusz"]
[Result "1-0"]
[WhiteTitle "GM"]
[BlackTitle "GM"]
[WhiteElo "2671"]
[BlackElo "2641"]
[WhiteFideId "4125029"]
[BlackFideId "1112635"]
[EventDate "2016.12.17"]

1. d4 e6 2. c4 Bb4+ 3. Bd2 c5 4. Bxb4 cxb4 5. e3 Nf6 6. Nf3 O-O 7. Bd3 d6 8. O-O
Nc6 9. Nbd2 a5 10. Ne4 Nxe4 11. Bxe4 h6 12. h3 Qe7 13. Rc1 Rd8 14. Qc2 Bd7 15.
c5 Be8 16. cxd6 Rxd6 17. Qc5 Kf8 18. Rc2 Rdd8 19. Rfc1 Qxc5 20. Rxc5 Ra7 21.
Bxc6 Bxc6 22. Ne5 Be8 23. Rc7 Rda8 24. Nc4 Rd8 25. Nb6 g5 26. R1c5 Kg7 27. Re7
Ra6 28. Nc4 Rc6 29. Nxa5 Rxc5 30. dxc5 Kf6 31. Rxb7 Ra8 32. Nc4 Rxa2 33. Nd6 Bc6
34. Rxb4 Ra1+ 35. Kh2 Rc1 36. Rc4 Rb1 37. b4 Ke7 38. h4 f6 39. hxg5 hxg5 40. e4
e5 41. f3 Ke6 42. b5 Bxb5 43. Nxb5 Rxb5 44. c6 Rb8 45. c7 Rc8 46. Kg3 1-0

[Event "European Blitz 2016"]
[Site "Tallinn EST"]
[Date "2016.12.17"]
[Round "17.13"]
[White "Potkin, Vladimir"]
[Black "Anton Guijarro, David"]
[Result "1/2-1/2"]
[WhiteTitle "GM"]
[BlackTitle "GM"]
[WhiteElo "2597"]
[BlackElo "2650"]
[WhiteFideId "4131061"]
[BlackFideId "2285525"]
[EventDate "2016.12.17"]

1. d4 Nf6 2. c4 e6 3. Nf3 b6 4. g3 Bb7 5. Bg2 Be7 6. O-O O-O 7. Nc3 Ne4 8. Bd2
Bf6 9. Rc1 d6 10. d5 Nxc3 11. Bxc3 Bxc3 12. Rxc3 e5 13. Nd2 a5 14. f4 Nd7 15. f5
f6 16. Ne4 Nc5 17. g4 Bc8 18. Qd2 Bd7 19. Rg3 Qe7 20. h4 a4 21. Kh2 Kh8 22. Qe3
Rab8 23. b4 axb3 24. axb3 Ra8 25. b4 Nxe4 26. Bxe4 Ra4 27. Qd2 b5 28. cxb5 Bxb5
29. g5 Rfa8 30. Rf2 Ra3 31. Rfg2 Rxg3 32. Rxg3 Qe8 33. gxf6 gxf6 34. Qh6 Qf8 35.
Qxf8+ Rxf8 36. Rc3 Rc8 37. e3 Kg7 38. Kg3 Kh6 39. Bf3 Kg7 40. e4 c6 41. dxc6
Rxc6 42. Rxc6 Bxc6 43. Kf2 Kf7 44. Ke3 Ke7 45. Be2 Kd8 46. Bc4 Be8 47. Kd3 Kc7
48. Kc3 Kb6 49. Bg8 h6 50. Bd5 Ba4 51. Bc4 Bc6 52. Kd3 Be8 53. Ke3 Bh5 54. Kd3
Bg4 55. Ke3 1/2-1/2

[Event "European Blitz 2016"]
[Site "Tallinn EST"]
[Date "2016.12.17"]
[Round "17.14"]
[White "Onischuk, Vladimir"]
[Black "Sychev, Klementy"]
[Result "1/2-1/2"]
[WhiteTitle "GM"]
[BlackTitle "IM"]
[WhiteElo "2601"]
[BlackElo "2453"]
[WhiteFideId "14114038"]
[BlackFideId "4114060"]
[EventDate "2016.12.17"]

1. e4 e5 2. Nf3 Nc6 3. Bc4 Nf6 4. d3 Bc5 5. O-O a6 6. Bb3 d6 7. c3 Ba7 8. Nbd2
O-O 9. h3 Re8 10. Re1 h6 11. Nf1 Be6 12. Bc2 d5 13. exd5 Nxd5 14. Ng3 Qd6 15.
Nh4 Qc5 16. Rf1 Rad8 17. Nhf5 Qf8 18. Qg4 Kh8 19. Qf3 Nce7 20. Re1 Nxf5 21. Nxf5
Bc8 22. Bd2 Re6 23. d4 exd4 24. Rxe6 Bxe6 25. Nxd4 Bxd4 26. cxd4 Qd6 27. a3 c6
28. Re1 Kg8 29. Qe4 Nf6 30. Qf3 Nd5 31. g4 Re8 32. Qe4 Nf6 33. Qe5 Qd8 34. Qf4
Bd5 35. Rxe8+ Qxe8 36. Qe5 Qd7 37. Kh2 Kf8 38. Kg3 Kg8 39. f3 Qd8 40. h4 Be6 41.
h5 Nd5 42. Qe4 Nf6 43. Qe5 Nd5 44. a4 Qd7 45. a5 f6 46. Qb8+ Qc8 47. Qxc8+ Bxc8
48. f4 Kf7 49. Kf3 Be6 50. Bg6+ Ke7 51. Bd3 Kd7 52. g5 fxg5 53. fxg5 hxg5 54.
Bxg5 Ke8 55. Ke4 Bg4 56. h6 gxh6 57. Bxh6 Kd7 58. Ke5 Bh3 59. Bg5 Bg4 60. Bg6
Bh3 61. Bh5 Nb4 62. Bg6 Nd5 63. Be4 Nb4 64. Bd2 Nd5 65. Bd3 Bg4 66. Bg6 Bh3 67.
Ke4 Bg4 68. Kd3 Bh3 69. Kc4 Kd6 70. Bd3 Be6 71. Kb3 Nf4+ 72. Kc3 Nxd3 1/2-1/2

[Event "European Blitz 2016"]
[Site "Tallinn EST"]
[Date "2016.12.17"]
[Round "17.15"]
[White "Alekseev, Evgeny"]
[Black "Huzman, Alexander"]
[Result "1-0"]
[WhiteTitle "GM"]
[BlackTitle "GM"]
[WhiteElo "2632"]
[BlackElo "2557"]
[WhiteFideId "4138147"]
[BlackFideId "2803828"]
[EventDate "2016.12.17"]

1. Nf3 Nf6 2. c4 c5 3. Nc3 Nc6 4. e3 e6 5. d4 d5 6. a3 a6 7. dxc5 Bxc5 8. b4 Bd6
9. cxd5 exd5 10. Be2 O-O 11. O-O Bg4 12. Bb2 Rc8 13. h3 Bh5 14. Nd4 Bxe2 15.
Ncxe2 Bb8 16. Nxc6 Rxc6 17. Bxf6 Rxf6 18. Qd3 Qd6 19. g3 Qe6 20. Kg2 Rh6 21. Rh1
Qc6 22. Nd4 Qd7 23. Rad1 Rd8 24. Nf5 Re6 25. Nd4 Ree8 26. Rc1 Ba7 27. Rhd1 g6
28. Nb3 h5 29. Nc5 Qe7 30. Nb3 h4 31. g4 Bb8 32. Nd4 Be5 33. Nf3 Bf6 34. Rc5 d4
35. exd4 Qd6 36. Rc2 Qf4 37. Re2 Rxe2 38. Qxe2 Bxd4 39. Qc4 b5 40. Rxd4 1-0

[Event "European Blitz 2016"]
[Site "Tallinn EST"]
[Date "2016.12.17"]
[Round "17.17"]
[White "Martinovic, Sasa"]
[Black "Kobalia, Mikhail"]
[Result "1-0"]
[WhiteTitle "GM"]
[BlackTitle "GM"]
[WhiteElo "2550"]
[BlackElo "2628"]
[WhiteFideId "14509792"]
[BlackFideId "4119150"]
[EventDate "2016.12.17"]

1. d4 f5 2. g3 Nf6 3. Bg2 g6 4. Nh3 Bg7 5. c3 e6 6. Nf4 O-O 7. h4 Bh8 8. Nd2 Qe7
9. Nf3 Ne4 10. Qb3 d5 11. h5 g5 12. Nd3 h6 13. Nfe5 Qe8 14. Ng6 Rf7 15. Nxh8
Kxh8 16. Ne5 Rg7 17. Bxe4 fxe4 18. f3 exf3 19. exf3 Nd7 20. Ng4 Qf8 21. O-O Rf7
22. Kg2 Rf5 23. Bd2 Nf6 24. Ne5 Rxe5 25. dxe5 Nxh5 26. Rh1 Qf7 27. g4 Nf4+ 28.
Bxf4 Qxf4 29. Qc2 Kg7 30. Rxh6 Kxh6 31. Rh1+ Kg7 32. Qh7+ Kf8 33. Qh8+ 1-0

[Event "European Blitz 2016"]
[Site "Tallinn EST"]
[Date "2016.12.17"]
[Round "17.18"]
[White "Kazakovskiy, Valeriy"]
[Black "Dzhumagaliev, Yan"]
[Result "1/2-1/2"]
[WhiteTitle "IM"]
[BlackTitle "FM"]
[WhiteElo "2430"]
[BlackElo "2400"]
[WhiteFideId "13507443"]
[BlackFideId "24100110"]
[EventDate "2016.12.17"]

1. d4 Nf6 2. Nf3 e6 3. c4 Bb4+ 4. Bd2 Qe7 5. g3 Bxd2+ 6. Qxd2 Nc6 7. Nc3 d5 8.
cxd5 exd5 9. Bg2 O-O 10. O-O Rd8 11. e3 Bf5 12. Rac1 Ne4 13. Nxe4 Bxe4 14. Ne1
h5 15. h4 Rd6 16. Nd3 Bxd3 17. Qxd3 Nd8 18. b4 a6 19. a4 Rd7 20. Qb3 c6 21. b5
axb5 22. axb5 Ra5 23. bxc6 bxc6 24. Ra1 Rb5 25. Qc2 Rdb7 26. Ra8 Qd7 27. Rc1 Rb8
28. Rxb8 Rxb8 29. Kh2 g6 30. Bh3 Qd6 31. Ra1 Kg7 32. Kg2 Rb5 33. Ra6 Qb8 34. Ra2
Qb7 35. Kh2 Rb1 36. Bc8 Qb4 37. Qd2 Qb8 38. Bh3 Qb5 39. Qe2 Qb4 40. Qd2 Qb5 41.
Qe2 1/2-1/2

[Event "European Blitz 2016"]
[Site "Tallinn EST"]
[Date "2016.12.17"]
[Round "17.19"]
[White "Fargere, Francois"]
[Black "Plat, Vojtech"]
[Result "0-1"]
[WhiteTitle "GM"]
[BlackTitle "IM"]
[WhiteElo "2404"]
[BlackElo "2532"]
[WhiteFideId "615935"]
[BlackFideId "325740"]
[EventDate "2016.12.17"]

1. e4 d6 2. d4 Nf6 3. Nc3 e5 4. Nf3 Nbd7 5. Bc4 Be7 6. O-O O-O 7. Re1 c6 8. a4
a5 9. h3 Nb6 10. Bb3 Nfd7 11. Be3 exd4 12. Nxd4 Nc5 13. Qf3 Bg5 14. Rad1 Bxe3
15. Qxe3 Qf6 16. e5 dxe5 17. Qxe5 Qxe5 18. Rxe5 Nxb3 19. Nxb3 Nc4 20. Re4 Nxb2
21. Rb1 Bf5 22. Rf4 Nxa4 23. Nxa4 Bxc2 24. Rb2 Bxb3 25. Rxb3 b5 26. Nc5 a4 27.
Rc3 Rfd8 28. Rc1 Ra7 29. Rb4 g6 30. g3 Kg7 31. Kg2 a3 32. Nb3 Rd6 33. Rd4 Rxd4
34. Nxd4 a2 35. Ra1 Ra6 36. Kf3 b4 37. Ke2 0-1

[Event "European Blitz 2016"]
[Site "Tallinn EST"]
[Date "2016.12.17"]
[Round "17.20"]
[White "Zorko, Jure"]
[Black "Kulaots, Kaido"]
[Result "1-0"]
[WhiteTitle "IM"]
[BlackTitle "GM"]
[WhiteElo "2454"]
[BlackElo "2556"]
[WhiteFideId "14604051"]
[BlackFideId "4500261"]
[EventDate "2016.12.17"]

1. d4 g6 2. e4 Bg7 3. c3 d6 4. Nf3 Nf6 5. Nbd2 O-O 6. Be2 Nbd7 7. O-O e5 8. dxe5
dxe5 9. Qc2 b6 10. Re1 Bb7 11. Bf1 Qe7 12. Nc4 a5 13. a4 h6 14. b3 Rfe8 15. Ba3
Qe6 16. Nfd2 Qc6 17. Ne3 Nxe4 18. Bb5 Qxc3 19. Nxe4 Qxc2 20. Nxc2 Red8 21. Rad1
f5 22. Be7 Re8 23. Rxd7 Bxe4 24. Ne3 Rec8 25. Bc4+ Kh8 26. Nd5 b5 27. Bf6 Rg8
28. Rxg7 Rxg7 29. axb5 a4 30. bxa4 Rxa4 31. Bb3 Ra3 32. Bc4 Ra4 33. Rc1 Kh7 34.
Bxg7 Kxg7 35. f3 Bxd5 36. Bxd5 Ra7 37. Rc6 h5 38. h4 Rb7 39. Rxg6+ 1-0

[Event "European Blitz 2016"]
[Site "Tallinn EST"]
[Date "2016.12.17"]
[Round "17.21"]
[White "Kovalenko, Igor"]
[Black "Zagorskis, Darius"]
[Result "1-0"]
[WhiteTitle "GM"]
[BlackTitle "GM"]
[WhiteElo "2684"]
[BlackElo "2469"]
[WhiteFideId "14117908"]
[BlackFideId "12800120"]
[EventDate "2016.12.17"]

1. c4 Nf6 2. Nc3 c5 3. Nf3 d5 4. cxd5 Nxd5 5. e3 Nc6 6. Bc4 e6 7. O-O Be7 8. d4
cxd4 9. exd4 O-O 10. Re1 Nf6 11. Bg5 b6 12. a3 Bb7 13. Qd3 Rc8 14. Rad1 h6 15.
Bh4 Nh5 16. Bg3 Nxg3 17. hxg3 Bf6 18. Ne4 Na5 19. Ba2 g6 20. b4 Nc6 21. d5 exd5
22. Bxd5 Be7 23. Nc5 1-0

[Event "European Blitz 2016"]
[Site "Tallinn EST"]
[Date "2016.12.17"]
[Round "17.22"]
[White "D'Costa, Lorin A R"]
[Black "Cvitan, Ognjen"]
[Result "0-1"]
[WhiteTitle "IM"]
[BlackTitle "GM"]
[WhiteElo "2391"]
[BlackElo "2491"]
[WhiteFideId "409219"]
[BlackFideId "14500086"]
[EventDate "2016.12.17"]

1. e4 c5 2. Nf3 d6 3. Nc3 Nf6 4. d4 cxd4 5. Nxd4 g6 6. Bc4 Bg7 7. O-O O-O 8. Bb3
Nc6 9. h3 Bd7 10. Be3 a6 11. f4 Rc8 12. Qd3 b5 13. Rad1 Nxd4 14. Bxd4 b4 15. e5
bxc3 16. exf6 Bxf6 17. Bxf6 Bb5 18. Qe3 exf6 19. bxc3 Bxf1 20. Kxf1 Re8 21. Qd4
f5 22. Qxd6 Qh4 23. Qd7 Qxf4+ 24. Kg1 Qe3+ 25. Kh1 Qe7 26. Qd3 a5 27. Bd5 Qe3
28. Qa6 Rxc3 29. Qxa5 Rxc2 30. Qa4 Re2 31. Qb3 Re1+ 32. Rxe1 Qxe1+ 33. Kh2 Qe5+
34. Kh1 Re7 35. a4 f4 36. Bf3 Qe1+ 0-1

[Event "European Blitz 2016"]
[Site "Tallinn EST"]
[Date "2016.12.17"]
[Round "17.23"]
[White "Naiditsch, Arkadij"]
[Black "Maier, Christian"]
[Result "1-0"]
[WhiteTitle "GM"]
[BlackTitle "IM"]
[WhiteElo "2687"]
[BlackElo "2390"]
[WhiteFideId "4650891"]
[BlackFideId "4601955"]
[EventDate "2016.12.17"]

1. e4 e6 2. d4 d5 3. Nd2 Nf6 4. e5 Nfd7 5. Bd3 c5 6. c3 Nc6 7. Ngf3 cxd4 8. cxd4
Be7 9. O-O Nb6 10. Re1 Bd7 11. Nf1 Rc8 12. a3 a6 13. Ng3 h5 14. Bd2 Na7 15. Rc1
Ba4 16. Rxc8 Qxc8 17. Qb1 Bb5 18. Rc1 Qd7 19. Bg5 Bxd3 20. Qxd3 Nc6 21. h4 Nc4
22. Rc2 Bxg5 23. Nxg5 g6 24. Ne2 Kf8 25. Nf4 Kg7 26. Ngxe6+ Qxe6 27. Nxe6+ fxe6
28. b3 Nxa3 29. Rxc6 bxc6 30. Qxa6 Nb5 31. Qxc6 Nxd4 32. Qb6 Nf5 33. Qxe6 d4 34.
Qd7+ Kh6 35. e6 Rh7 36. Qd5 Re7 37. b4 Kg7 38. Qe5+ Kh7 39. b5 d3 40. Qd5 d2 41.
Qxd2 Rxe6 42. Qc3 Nd6 43. Qc7+ Kh6 44. b6 Re1+ 45. Kh2 Nf5 46. b7 1-0

[Event "European Blitz 2016"]
[Site "Tallinn EST"]
[Date "2016.12.17"]
[Round "17.24"]
[White "Turov, Maxim"]
[Black "Tregubov, Pavel V."]
[Result "1-0"]
[WhiteTitle "GM"]
[BlackTitle "GM"]
[WhiteElo "2594"]
[BlackElo "2585"]
[WhiteFideId "4120086"]
[BlackFideId "4115341"]
[EventDate "2016.12.17"]

1. d4 Nf6 2. c4 c5 3. d5 b5 4. cxb5 a6 5. e3 g6 6. Nc3 Bg7 7. a4 O-O 8. Nf3 Bb7
9. e4 e6 10. Be2 exd5 11. exd5 axb5 12. Bxb5 Re8+ 13. Be2 Na6 14. O-O Nxd5 15.
Nxd5 Bxd5 16. Bg5 Bxf3 17. Bxd8 Bxe2 18. Re1 Bxd1 19. Rxe8+ Bf8 20. Rxd1 c4 21.
Rde1 Nc5 22. Rxf8+ 1-0

[Event "European Blitz 2016"]
[Site "Tallinn EST"]
[Date "2016.12.17"]
[Round "17.25"]
[White "Brodowski, Piotr"]
[Black "Grandelius, Nils"]
[Result "0-1"]
[WhiteTitle "IM"]
[BlackTitle "GM"]
[WhiteElo "2444"]
[BlackElo "2643"]
[WhiteFideId "1124480"]
[BlackFideId "1710400"]
[EventDate "2016.12.17"]

1. c4 e6 2. g3 d5 3. Bg2 a6 4. b3 dxc4 5. bxc4 Qd4 6. Nc3 Qxc4 7. Nf3 Nf6 8. O-O
Be7 9. Ne5 Qd4 10. Qb3 Qb4 11. Qc2 O-O 12. Rb1 Qd4 13. Nf3 Qd8 14. d4 Nc6 15.
Rd1 Nb4 16. Qb3 Nbd5 17. Ne5 Bd6 18. Nc4 b5 19. Na5 Bd7 20. e4 Nxc3 21. Qxc3 b4
22. Qc2 Be7 23. Bf4 c5 24. Nb7 Qe8 25. dxc5 Ba4 26. Qc4 Bxd1 27. Rxd1 Qa4 28.
Rb1 Rfc8 29. Rxb4 Qd1+ 30. Bf1 a5 31. Rb3 a4 32. Rd3 Qb1 33. Kg2 Qxb7 0-1